[Event "XV Festival B"]
[Site "Padova ITA"]
[Date "2012.12.15"]
[Round "1"]
[White "Vastano, Ciro"]
[Black "Bonini, Roberto"]
[WhiteElo "1633"]
[BlackElo "1888"]
[Result "0-1"]
[PlyCount "92"]
[EventDate "2012.12.15"]

1. e4 c5 2. Nf3 d6 3. d4 cxd4 4. Nxd4 Nf6 5. Nc3 a6 6. f3 e6 7. Be3 Be7 8. g4
Qc7 9. Qd2 Nc6 10. h4 b5 11. O-O-O Bb7 12. Nxc6 Bxc6 13. Bd3 Nd7 14. Bg5 Nb6
15. Bxe7 Qxe7 16. h5 h6 17. Kb1 d5 18. exd5 Nxd5 19. Nxd5 Bxd5 20. Rhf1 O-O 21.
Rde1 Rfd8 22. Qe3 Rac8 23. f4 Qc5 24. Qg3 Bc4 25. Bxc4 Qxc4 26. Rf2 Rd4 27. Rg1
Rcd8 28. Qf3 Qc6 29. Qe2 Qe4 30. Qf1 Rd2 31. Rxd2 Rxd2 32. Qc1 Qxf4 33. Rf1 Qd4
34. Qe1 Rg2 35. a3 Qxg4 36. Qa5 Qc4 37. Qd8+ Kh7 38. Qd1 e5 39. b3 Qc3 40. Rxf7
e4 41. Rf1 Rd2 42. Qc1 e3 43. Rf3 Qd4 44. Qb2 Rd1+ 45. Ka2 Qxb2+ 46. Kxb2 e2
0-1

[Event "XV Festival B"]
[Site "Padova ITA"]
[Date "2012.12.15"]
[Round "1"]
[White "Zamengo, Fulvio"]
[Black "Benedetti, Maurizio"]
[WhiteElo "2068"]
[BlackElo "1713"]
[Result "1-0"]
[PlyCount "57"]
[EventDate "2012.12.15"]

1. e4 c5 2. Nf3 d6 3. d4 cxd4 4. Nxd4 Nc6 5. c4 Nf6 6. Nc3 e6 7. Be3 Bd7 8. Be2
Be7 9. Ndb5 Qb8 10. O-O O-O 11. Bf4 Ne5 12. Qd4 a6 13. Na3 Bc6 14. Nc2 Rd8 15.
Rfd1 b5 16. cxb5 axb5 17. Nb4 Be8 18. Rac1 Nc6 19. Nxc6 Bxc6 20. Qb4 Qb7 21.
Bxd6 Bxd6 22. Rxd6 Rxd6 23. Qxd6 Nxe4 24. Nxe4 Bxe4 25. Qf4 Bg6 26. Bf3 Qb8 27.
Bxa8 Qxa8 28. Qf3 Be4 29. Qxe4 1-0

[Event "XV Festival B"]
[Site "Padova ITA"]
[Date "2012.12.15"]
[Round "1"]
[White "Zanirato, Stefano"]
[Black "Alessi, Giovanni"]
[WhiteElo "1912"]
[BlackElo "1633"]
[Result "1-0"]
[PlyCount "97"]
[EventDate "2012.12.15"]

1. e4 e5 2. Nf3 d6 3. d4 Nd7 4. Nc3 c6 5. a4 a5 6. Bc4 Be7 7. O-O Ngf6 8. dxe5
Nxe5 9. Nxe5 dxe5 10. Qxd8+ Bxd8 11. h3 h6 12. Be3 Be7 13. Bd3 Be6 14. Rad1 O-O
15. Bb6 Nd7 16. Be3 Rad8 17. Ne2 Bc5 18. Bd2 Ba7 19. Bxa5 b6 20. Bc3 f6 21. Ng3
Nb8 22. Be2 g6 23. b3 h5 24. h4 Rd7 25. Rxd7 Nxd7 26. Rd1 Kf7 27. Bc4 Rb8 28.
Rd6 Nf8 29. Rxc6 Bxc4 30. Rxc4 Rb7 31. Kf1 Ne6 32. Rc8 Rd7 33. Ra8 Nf4 34. Kg1
Ke6 35. Kh2 Rb7 36. Bd2 b5 37. Be3 Bb8 38. a5 f5 39. a6 Rc7 40. Rxb8 Rxc2 41.
a7 Ra2 42. a8=Q Rxa8 43. Rxa8 fxe4 44. Nxe4 Nd3 45. Ra7 Kf5 46. Ng5 e4 47. Bd4
Kg4 48. Nxe4 Kxh4 49. f3 1-0

[Event "XV Festival B"]
[Site "Padova ITA"]
[Date "2012.12.16"]
[Round "2"]
[White "Alessi, Giovanni"]
[Black "Saponara, Nicola"]
[WhiteElo "1633"]
[BlackElo "1796"]
[Result "0-1"]
[PlyCount "133"]
[EventDate "2012.12.15"]

1. e4 c5 2. Nf3 d6 3. c3 g6 4. g3 Bg7 5. Bg2 Nc6 6. O-O Nf6 7. Re1 Bg4 8. Qb3
Qc8 9. d4 Bxf3 10. Bxf3 cxd4 11. e5 dxe5 12. Bxc6+ Qxc6 13. Rxe5 Ng4 14. Rb5
Ne5 15. Nd2 dxc3 16. bxc3 O-O 17. Ba3 Rfd8 18. Rc5 Nf3+ 19. Nxf3 Qxf3 20. Rc7
Rd2 21. Rf1 e6 22. Rxb7 Be5 23. Be7 a5 24. c4 Rd3 25. Qb1 a4 26. c5 Kg7 27. Rb5
Bd4 28. Qc2 Rc8 29. Ra5 a3 30. Rb5 Rc3 31. Qd2 Rd3 32. Qc2 Bb2 33. Rb3 Rxb3 34.
axb3 Rb8 35. b4 Qc3 36. Qa4 Qxb4 37. Qa7 Qb7 38. Qxb7 Rxb7 39. Bd6 Ra7 40. c6
Ra8 41. Bxa3 Bxa3 42. Ra1 Rc8 43. Rxa3 Rxc6 44. Ra7 Kf6 45. g4 g5 46. Kg2 Kg6
47. h3 h6 48. Ra8 Rc4 49. Ra6 Rf4 50. Kg3 h5 51. Ra7 hxg4 52. hxg4 f5 53. gxf5+
Kxf5 54. f3 g4 55. fxg4+ Rxg4+ 56. Kf3 Rd4 57. Ke3 Rb4 58. Ra8 Rb3+ 59. Ke2 Kf4
60. Rf8+ Ke4 61. Kd2 Rh3 62. Rf2 Ra3 63. Rf8 Ra2+ 64. Kc3 Ke3 65. Rh8 Rg2 66.
Kc4 e5 67. Re8 {...} 0-1

[Event "XV Festival B"]
[Site "Padova ITA"]
[Date "2012.12.16"]
[Round "2"]
[White "Aprile, Martino"]
[Black "Quaranta, Gaetano"]
[WhiteElo "1947"]
[BlackElo "1815"]
[Result "1-0"]
[PlyCount "101"]
[EventDate "2012.12.15"]

1. e4 d5 2. exd5 Qxd5 3. Nc3 Qa5 4. Nf3 Nf6 5. d4 Bf5 6. Bd3 Bxd3 7. Qxd3 e6 8.
O-O Bb4 9. a3 c6 10. Be3 Bxc3 11. bxc3 Nbd7 12. c4 O-O 13. Rfb1 Qc7 14. g3 Rad8
15. Bf4 Qc8 16. Qb3 b6 17. a4 Qb7 18. Ne1 c5 19. c3 Qe4 20. Be3 Ng4 21. Qc2
Qxc2 22. Nxc2 Nxe3 23. fxe3 Rc8 24. Na3 Nf6 25. Rc1 Rfd8 26. Nb1 Ne4 27. Ra2
Rc7 28. Nd2 Nxd2 29. Rxd2 Kf8 30. Kf2 Ke7 31. Ke2 Rdc8 32. Kd3 Rd8 33. Ke2 Rcd7
34. a5 Rc8 35. axb6 axb6 36. e4 cxd4 37. cxd4 Rdc7 38. Rdc2 f5 39. exf5 exf5
40. Kd3 Kf6 41. Rb1 Rc6 42. Rb5 g6 43. d5 Rd6 44. Rcb2 Rb8 45. c5 Rxd5+ 46. Kc4
Rd7 47. Rxb6+ Rxb6 48. cxb6 Rd8 49. b7 Rb8 50. Kc5 Ke7 51. Kc6 1-0

[Event "XV Festival B"]
[Site "Padova ITA"]
[Date "2012.12.16"]
[Round "2"]
[White "Bellon, Antonio"]
[Black "Xia, Jie"]
[WhiteElo "1668"]
[BlackElo "2255"]
[Result "0-1"]
[PlyCount "47"]
[EventDate "2012.12.15"]

1. e4 c5 2. Nf3 d6 3. d4 cxd4 4. Nxd4 Nf6 5. Nc3 g6 6. f4 Nc6 7. Nb3 Bg7 8. Be3
O-O 9. Bd3 a5 10. a3 Ng4 11. Bd2 a4 12. Nc1 Qb6 13. Qf3 Nd4 14. Qg3 Qxb2 15.
Ra2 Qb6 16. Nd5 Qd8 17. O-O Be6 18. c4 Nb3 19. Bc3 Bxd5 20. Bxg7 Kxg7 21. cxd5
Qb6+ 22. Kh1 Nxc1 23. Rxc1 Rfc8 24. Rb1 0-1

[Event "XV Festival B"]
[Site "Padova ITA"]
[Date "2012.12.16"]
[Round "2"]
[White "Belloni, Umberto"]
[Black "Gennari, Leone"]
[WhiteElo "1797"]
[BlackElo "1975"]
[Result "0-1"]
[PlyCount "88"]
[EventDate "2012.12.15"]

1. d4 Nf6 2. c3 g6 3. Bg5 Bg7 4. Qc1 h6 5. Bf4 d6 6. f3 Nbd7 7. e4 e5 8. Be3 c5
9. d5 a6 10. g4 b5 11. h4 Nb6 12. g5 Ng8 13. Nh3 h5 14. Rg1 Bd7 15. Nd2 Rb8 16.
Nf2 Ne7 17. Be2 O-O 18. f4 exf4 19. Bxf4 Nec8 20. Nb3 Ra8 21. Nd2 Re8 22. Qd1
Qe7 23. Bxh5 Nxd5 24. Qf3 Nxf4 25. Qxf4 gxh5 26. Qf3 d5 27. Qxh5 Bf5 28. Ng4
Bg6 29. Nh6+ Bxh6 30. gxh6 Kh7 31. Qxd5 Nb6 32. Qg5 Qxg5 33. Rxg5 Bxe4 34.
O-O-O Bd5 35. Rf1 Rad8 36. Rf6 Nc4 37. Nxc4 Bxc4 38. Rg1 Re2 39. b3 Be6 40. c4
Rxa2 41. Kb1 Rdd2 42. Rff1 Rdb2+ 43. Kc1 Rxb3 44. cxb5 axb5 0-1

[Event "XV Festival B"]
[Site "Padova ITA"]
[Date "2012.12.16"]
[Round "2"]
[White "Benedetti, Maurizio"]
[Black "Rossi, Davide"]
[WhiteElo "1713"]
[BlackElo "1556"]
[Result "1/2-1/2"]
[PlyCount "103"]
[EventDate "2012.12.15"]

1. c4 Nf6 2. g3 d5 3. cxd5 Nxd5 4. Bg2 c6 5. Nf3 Bf5 6. O-O e6 7. a3 Be7 8. Re1
Bxb1 9. Rxb1 O-O 10. e4 Nf6 11. d4 Qc7 12. Be3 Rd8 13. Qc2 Nbd7 14. b4 a6 15.
Nd2 Ng4 16. Bf4 e5 17. dxe5 Ngxe5 18. Nc4 Bd6 19. Nxd6 Qxd6 20. Qc3 Qe6 21. Bc1
Qd6 22. Bb2 Qd3 23. Qxd3 Nxd3 24. Red1 Nxb2 25. Rxb2 Kf8 26. Rbd2 Ke7 27. f4
Nb6 28. Bf1 Rxd2 29. Rxd2 Rd8 30. Rxd8 Kxd8 31. Kf2 Na4 32. Ke3 c5 33. Bc4 cxb4
34. axb4 f6 35. Kd4 Nb6 36. Bg8 h6 37. Kc5 Na4+ 38. Kd6 Nc3 39. e5 fxe5 40.
fxe5 Ne4+ 41. Kd5 Nc3+ 42. Kc5 Kc7 43. Bh7 b6+ 44. Kd4 Na2 45. Kc4 Nc1 46. Kc3
Ne2+ 47. Kc4 a5 48. bxa5 bxa5 49. Kb5 Nd4+ 50. Kxa5 Nf3 51. h3 Nxe5 52. Kb5
1/2-1/2

[Event "XV Festival B"]
[Site "Padova ITA"]
[Date "2012.12.16"]
[Round "2"]
[White "Bergamasco, Tommaso"]
[Black "Gennari, Andrea"]
[WhiteElo "1685"]
[BlackElo "1506"]
[Result "1-0"]
[PlyCount "55"]
[EventDate "2012.12.15"]

1. f4 Nf6 2. Nf3 d6 3. e3 Nc6 4. b3 Bg4 5. Be2 g6 6. Bb2 Bg7 7. O-O O-O 8. d4
Re8 9. Na3 Nd5 10. Qd2 e5 11. c4 Nb6 12. d5 Nb8 13. fxe5 Bxf3 14. Rxf3 Bxe5 15.
Raf1 Re7 16. Bxe5 dxe5 17. e4 Qd6 18. b4 Nc6 19. c5 Qd7 20. cxb6 axb6 21. Bb5
Qd6 22. Bxc6 bxc6 23. Nc4 Qd7 24. Qg5 cxd5 25. Nxe5 Qe6 26. Ng4 dxe4 27. Nf6+
Kh8 28. Qh6 1-0

[Event "XV Festival B"]
[Site "Padova ITA"]
[Date "2012.12.16"]
[Round "2"]
[White "Bonini, Roberto"]
[Black "Seletsky, Grigory"]
[WhiteElo "1888"]
[BlackElo "2308"]
[Result "0-1"]
[PlyCount "48"]
[EventDate "2012.12.15"]

1. e4 c5 2. Nf3 e6 3. d4 cxd4 4. Nxd4 Nf6 5. Bd3 Nc6 6. Nf3 d5 7. e5 Nd7 8. Qe2
Qc7 9. Bf4 f6 10. c4 fxe5 11. cxd5 Bb4+ 12. Nbd2 exd5 13. Rc1 O-O 14. Bxh7+
Kxh7 15. Ng5+ Kg8 16. Ne6 Qa5 17. Qg4 Rf7 18. Ng5 Nf6 19. Qh4 exf4 20. O-O Bxd2
21. Nxf7 Bxc1 22. Nh6+ Kf8 23. Rxc1 Qd2 24. Rf1 Qxb2 0-1

[Event "XV Festival B"]
[Site "Padova ITA"]
[Date "2012.12.16"]
[Round "2"]
[White "Boscolo, Marco"]
[Black "Gennari, Jacopo"]
[WhiteElo "2145"]
[BlackElo "1837"]
[Result "1-0"]
[PlyCount "85"]
[EventDate "2012.12.15"]

1. d4 e6 2. e4 d5 3. Nd2 c5 4. exd5 exd5 5. Bb5+ Nc6 6. Qe2+ Be6 7. Ngf3 a6 8.
Bxc6+ bxc6 9. dxc5 Bxc5 10. O-O Qf6 11. Re1 Ne7 12. Nb3 Ba7 13. c3 h6 14. Be3
O-O 15. Bd4 Qg6 16. Ne5 Qg5 17. Bxa7 Rxa7 18. Nd4 c5 19. Nxe6 fxe6 20. Nf3 Qh5
21. Qxe6+ Kh8 22. Re3 Qe8 23. Rae1 Qa4 24. Qd6 Rd7 25. Qe6 Rf6 26. Qh3 Ng8 27.
R3e2 Rdd6 28. Ne5 d4 29. c4 Qa5 30. b3 Ne7 31. Ng4 Rf8 32. Rxe7 d3 33. Qe3 d2
34. Rd1 Qxa2 35. Qc3 Rd4 36. Ne3 Rb8 37. Qc2 Qxb3 38. Qxb3 Rxb3 39. Kf1 a5 40.
Ra7 Rb2 41. Rxa5 Kg8 42. Rxc5 g6 43. Rd5 1-0

[Event "XV Festival B"]
[Site "Padova ITA"]
[Date "2012.12.16"]
[Round "2"]
[White "Cacco, Christian"]
[Black "Zanirato, Stefano"]
[WhiteElo "2325"]
[BlackElo "1912"]
[Result "1-0"]
[PlyCount "107"]
[EventDate "2012.12.15"]

1. d4 Nf6 2. Nf3 e6 3. Bg5 c5 4. e3 Qa5+ 5. c3 Ne4 6. Bf4 d5 7. Nbd2 Nxd2 8.
Nxd2 cxd4 9. exd4 Bd7 10. a4 Qb6 11. Qb3 Qxb3 12. Nxb3 Nc6 13. Be2 Be7 14. O-O
O-O 15. a5 a6 16. Bc7 Rfc8 17. Bb6 Nb8 18. Bc5 Bxc5 19. Nxc5 Bc6 20. f4 Nd7 21.
Nb3 Bb5 22. Kf2 Bxe2 23. Kxe2 Rc6 24. Nc1 Nf6 25. Nd3 Ne4 26. Ra3 Rac8 27. Rb3
R6c7 28. Ra1 f6 29. Ra4 Rc4 30. Raa3 R8c7 31. Rb6 R4c6 32. Rab3 Rxb6 33. Rxb6
Kf7 34. Nb4 Rd7 35. Nc2 Nd6 36. Ne3 Nc4 37. Nxc4 dxc4 38. Rb4 Rc7 39. Ke3 Ke7
40. g4 g6 41. f5 gxf5 42. gxf5 e5 43. dxe5 fxe5 44. Ke4 Kf6 45. h4 Rc5 46. Rxb7
Rxa5 47. Rxh7 Rb5 48. Rh6+ Kf7 49. Rxa6 Rxb2 50. Kxe5 Rb5+ 51. Ke4 Kg7 52. h5
Rb3 53. Kd4 Rb5 54. h6+ 1-0

[Event "XV Festival B"]
[Site "Padova ITA"]
[Date "2012.12.16"]
[Round "2"]
[White "Cancian, Loris"]
[Black "Basso, Pier Luigi"]
[WhiteElo "1878"]
[BlackElo "2186"]
[Result "0-1"]
[PlyCount "80"]
[EventDate "2012.12.15"]

1. d4 Nf6 2. Nf3 e6 3. Bf4 c5 4. e3 Qb6 5. Qc1 Nc6 6. c3 d5 7. Bd3 Bd7 8. h3
Rc8 9. O-O cxd4 10. exd4 Nb4 11. Bc2 Nxc2 12. Qxc2 Be7 13. Nbd2 O-O 14. Ne5
Qxd4 15. Qxh7+ Kxh7 16. cxd4 Rc2 17. Rfc1 Rfc8 18. Rxc2 Rxc2 19. Nxf7 Rxb2 20.
Ne5 Bd6 21. Be3 Bb5 22. Rb1 Rxb1+ 23. Nxb1 Bc4 24. Nxc4 dxc4 25. Nc3 Bb4 26.
Ne2 Nd5 27. a4 Nxe3 28. fxe3 c3 29. Kf1 c2 30. Nc1 Bd2 31. Nb3 Bxe3 32. Ke2
c1=Q 33. Nxc1 Bxc1 34. Kd3 Kg6 35. Ke4 Kf6 36. g4 a6 37. d5 b5 38. d6 bxa4 39.
h4 a3 40. g5+ Kf7 0-1

[Event "XV Festival B"]
[Site "Padova ITA"]
[Date "2012.12.16"]
[Round "2"]
[White "Carraro, Riccardo"]
[Black "Solaroli, Riccardo"]
[WhiteElo "1578"]
[BlackElo "1920"]
[Result "0-1"]
[PlyCount "123"]
[EventDate "2012.12.15"]

1. e4 c5 2. f4 Nc6 3. Nf3 d6 4. d4 cxd4 5. Nxd4 Nf6 6. Bb5 Qb6 7. Qd3 Bd7 8.
Be3 Qc7 9. Nc3 Nxd4 10. Bxd4 e5 11. Bxd7+ Nxd7 12. Nd5 Qc6 13. fxe5 dxe5 14.
Qc3 exd4 15. Qxc6 bxc6 16. Nc7+ Kd8 17. Nxa8 Bd6 18. O-O-O Be5 19. Rd3 Kc8 20.
Rb3 Nc5 21. Rb4 Kd7 22. Nb6+ axb6 23. Rxb6 Kc7 24. Rb4 Nxe4 25. Re1 Bf4+ 26.
Kd1 Re8 27. Rf1 c5 28. Ra4 Bh6 29. Rxf7+ Kd6 30. Rf1 Be3 31. Ra6+ Kd5 32. a4
Rb8 33. Rf5+ Kc4 34. b3+ Kc3 35. Re5 Nf2+ 36. Ke2 d3+ 37. cxd3 Rxb3 38. Rxe3
Rb2+ 39. Kf3 Nxd3 40. Ke4 Rb4+ 41. Kd5 Rd4+ 42. Kc6 Kd2 43. Rf3 Nb4+ 44. Kb6
Nxa6 45. Kxa6 Rd7 46. Kb5 Rc7 47. Rf4 Kd3 48. a5 c4 49. Kb6 Re7 50. a6 Re6+ 51.
Kb5 Re5+ 52. Kb4 Re7 53. Rxc4 Ra7 54. Kb5 Rxa6 55. Rc7 Rg6 56. Rd7+ Ke3 57. g3
Rg4 58. Rf7 h5 59. Kc5 g5 60. Re7+ Kf2 61. Kd5 h4 62. Ke5 $138 0-1

[Event "XV Festival B"]
[Site "Padova ITA"]
[Date "2012.12.16"]
[Round "2"]
[White "Desideri, Leonardo"]
[Black "Simongini, Giacomo"]
[WhiteElo "1564"]
[BlackElo "1748"]
[Result "0-1"]
[PlyCount "137"]
[EventDate "2012.12.15"]

1. e4 e6 2. d3 d5 3. Nd2 Nf6 4. Ngf3 Be7 5. g3 c5 6. Bg2 Nc6 7. O-O O-O 8. e5
Nd7 9. Re1 Qc7 10. Qe2 Re8 11. Nf1 b6 12. h4 Ba6 13. a3 Rac8 14. Bf4 Nd4 15.
Qd2 Qc6 16. N1h2 Qa4 17. b3 Qa5 18. Qxa5 bxa5 19. Nxd4 cxd4 20. Rec1 Nb8 21.
Nf3 Nc6 22. Bd2 Rb8 23. Bf1 f6 24. exf6 Bxf6 25. b4 a4 26. Rab1 Bb5 27. Bg5 e5
28. Bxf6 gxf6 29. c4 dxc3 30. Rxc3 Rec8 31. Rc5 Ne7 32. Rbc1 d4 33. Kg2 a6 34.
Be2 Rxc5 35. Rxc5 Rc8 36. Rxc8+ Nxc8 37. Nd2 Ne7 38. Nc4 Kf7 39. Kf3 Nd5 40.
Nd6+ Ke6 41. Nxb5 axb5 42. Kg4 Nc3 43. Bf3 f5+ 44. Kg5 e4 45. dxe4 fxe4 46.
Bg4+ Ke5 47. Kh6 d3 48. Kxh7 Kd4 49. h5 d2 50. Kg8 Kd3 51. h6 Ne2 52. h7 d1=Q
53. h8=Q Qb3+ 54. Kf8 Qxa3 55. Bxe2+ Kxe2 56. Qd4 Qf3+ 57. Ke7 Qxf2 58. Qb2+
Kf1 59. Qb1+ Qe1 60. Qa2 Qxb4+ 61. Kf6 Qf8+ 62. Ke5 Qe7+ 63. Kf4 Qd6+ 64. Kxe4
Qxg3 65. Qb1+ Qe1+ 66. Qxe1+ Kxe1 67. Kd3 Kd1 68. Kc3 Kc1 69. Kb4 0-1

[Event "XV Festival B"]
[Site "Padova ITA"]
[Date "2012.12.16"]
[Round "2"]
[White "Donsbach, Peter"]
[Black "Rodella, Umberto"]
[WhiteElo "1554"]
[BlackElo "1738"]
[Result "0-1"]
[PlyCount "79"]
[EventDate "2012.12.15"]

1. e4 c5 2. d4 cxd4 3. c3 dxc3 4. Nxc3 Nc6 5. Bc4 d6 6. Be3 Nf6 7. Nf3 Bg4 8.
O-O e6 9. Bb5 a6 10. Bxc6+ bxc6 11. Qe2 d5 12. Rfd1 Nd7 13. exd5 cxd5 14. Bf4
Be7 15. Re1 Nf6 16. Qe3 O-O 17. Nd4 Qd7 18. f3 Bh5 19. a3 Rfc8 20. Rac1 Bg6 21.
b4 Ne8 22. Nce2 Nd6 23. Bxd6 Bxd6 24. Nb3 Qb5 25. Ned4 Qb6 26. Rxc8+ Rxc8 27.
Rc1 Rc4 28. Nf5 Qxe3+ 29. Nxe3 Rxc1+ 30. Nxc1 f6 31. g3 Kf8 32. Ne2 Be8 33. Nd4
Ke7 34. Kf2 Be5 35. Nb3 Bb2 36. Nc2 Ba4 37. Nbd4 g6 38. b5 axb5 39. Ke3 Kd6 40.
Kd3 $138 0-1

[Event "XV Festival B"]
[Site "Padova ITA"]
[Date "2012.12.16"]
[Round "2"]
[White "Favero, Graziano"]
[Black "Pilotto, Alessandro"]
[WhiteElo "1745"]
[BlackElo "1573"]
[Result "0-1"]
[PlyCount "170"]
[EventDate "2012.12.15"]

1. e4 c5 2. Nf3 Nc6 3. d4 cxd4 4. Nxd4 g6 5. Nc3 Bg7 6. Be3 Nf6 7. f3 a6 8. Qd2
d6 9. Be2 Bd7 10. g4 h6 11. Rg1 Qc7 12. h4 Na5 13. g5 hxg5 14. hxg5 Nh5 15. Nd5
Qd8 16. b4 Nc6 17. Nxc6 Bxc6 18. Bb6 Qc8 19. Nc7+ Kf8 20. O-O-O Rb8 21. Rh1 Qd7
22. Bf1 Rc8 23. Bh3 e6 24. Bg4 Rxc7 25. Bxh5 gxh5 26. Bxc7 Qxc7 27. Qxd6+ Qxd6
28. Rxd6 Ke7 29. Rd2 Bc3 30. Rdh2 Bxb4 31. Rxh5 Rd8 32. Kb2 Bc5 33. Rh7 Rg8 34.
R1h5 Be3 35. Kc3 Bb5 36. Rh8 Rg6 37. Rb8 Bc6 38. Kd3 Bxg5 39. Rhh8 Bf4 40. Rbg8
Bb5+ 41. c4 Rxg8 42. Rxg8 Bc6 43. Rg4 e5 44. Rg1 f6 45. Rb1 Kd6 46. Kc3 Kc5 47.
Rg1 Bg5 48. Rb1 Be3 49. Rh1 Ba4 50. Kd3 Bf4 51. Rb1 b5 52. cxb5 Bxb5+ 53. Kc3
Bc4 54. Rb2 Be3 55. Rc2 Bb5 56. a3 Ba4 57. Rh2 Bf4 58. Rh8 Bd1 59. Ra8 Kb6 60.
Rb8+ Kc7 61. Rf8 Bg5 62. Rf7+ Kb6 63. Kc4 Bxf3 64. Kd5 Bd1 65. Rd7 Ba4 66. Rh7
Bc2 67. Kd6 Ka5 68. Rh2 Bb3 69. Kc6 Ka4 70. Kb6 a5 71. Rh8 Be3+ 72. Kc6 Kxa3
73. Kb5 a4 74. Rh2 Bf4 75. Rg2 Be6 76. Re2 Bd7+ 77. Kc4 Bg4 78. Rc2 Be6+ 79.
Kc3 Be3 80. Rg2 Bd4+ 81. Kc2 Kb4 82. Rg6 a3 83. Rxf6 a2 84. Rxe6 a1=Q 85. Rb6+
Bxb6 0-1

[Event "XV Festival B"]
[Site "Padova ITA"]
[Date "2012.12.16"]
[Round "2"]
[White "Gromovs, Sergejs"]
[Black "Penzo, Amleto"]
[WhiteElo "2161"]
[BlackElo "1847"]
[Result "1-0"]
[PlyCount "87"]
[EventDate "2012.12.15"]

1. d4 Nf6 2. Nf3 g6 3. c4 Bg7 4. Nc3 d6 5. e4 c5 6. d5 O-O 7. h3 e6 8. Bd3 exd5
9. cxd5 a6 10. a4 Re8 11. O-O Nbd7 12. Re1 Ne5 13. Nxe5 Rxe5 14. Bf4 Re8 15.
Qd2 Nh5 16. Bg5 Bf6 17. Be3 Bg7 18. g4 Nf6 19. Bf4 h5 20. g5 Nh7 21. Bf1 f6 22.
gxf6 Bxf6 23. Bg2 Bg5 24. Ra3 Bxf4 25. Qxf4 Qf6 26. Qxf6 Nxf6 27. f4 Rb8 28.
Rb3 Nd7 29. e5 c4 30. Rb4 dxe5 31. Rxc4 b5 32. axb5 axb5 33. Rc6 Kf7 34. Be4
Nf6 35. Bxg6+ Kxg6 36. fxe5 Kg5 37. Rxf6 Rxe5 38. Rxe5+ Kxf6 39. Re8 Kf7 40.
Rh8 Ke7 41. Ne4 Ra8 42. Kf2 Ra4 43. d6+ Kd7 44. Nc5+ 1-0

[Event "XV Festival B"]
[Site "Padova ITA"]
[Date "2012.12.16"]
[Round "2"]
[White "Guerra, Alessandro"]
[Black "Marangoni, Simone"]
[WhiteElo "2200"]
[BlackElo "1877"]
[Result "0-1"]
[PlyCount "70"]
[EventDate "2012.12.15"]

1. e4 g6 2. d4 Bg7 3. Nc3 d5 4. exd5 Nf6 5. Bb5+ Bd7 6. Be2 O-O 7. Nf3 Bf5 8.
O-O Nxd5 9. Nxd5 Qxd5 10. c4 Qd6 11. Qb3 Nc6 12. d5 Na5 13. Qe3 Bg4 14. Bd2 b6
15. Bc3 Bxc3 16. Qxc3 Qf4 17. Rfe1 Rae8 18. g3 Qf6 19. Ne5 Bc8 20. Rac1 e6 21.
b4 exd5 22. bxa5 Qxe5 23. cxd5 Qxd5 24. Bc4 Rxe1+ 25. Rxe1 Qc5 26. Re5 Qd6 27.
h4 Bb7 28. Bf1 c5 29. Bg2 Bxg2 30. Kxg2 Rb8 31. a6 Qc6+ 32. f3 Qd6 33. Re2 Qd4
34. Qe1 Kg7 35. h5 gxh5 {...} 0-1

[Event "XV Festival B"]
[Site "Padova ITA"]
[Date "2012.12.16"]
[Round "2"]
[White "Kolosov, Antonio"]
[Black "Alfier, Cecilia"]
[WhiteElo "1386"]
[BlackElo "1680"]
[Result "1-0"]
[PlyCount "32"]
[EventDate "2012.12.15"]

1. e4 c5 2. g3 Nc6 3. Bg2 Nf6 4. d3 d6 5. Nc3 e5 6. Nf3 Be7 7. Be3 O-O 8. O-O
d5 9. exd5 Nxd5 10. d4 Bg4 11. Qd2 exd4 12. Nxd4 Ne5 13. f3 Nc4 14. Qc1 Be6 15.
Nxe6 fxe6 16. Na4 Rc8 {...} 1-0

[Event "XV Festival B"]
[Site "Padova ITA"]
[Date "2012.12.16"]
[Round "2"]
[White "Liguori, Michele"]
[Black "Licandro, Michele"]
[WhiteElo "1733"]
[BlackElo "1572"]
[Result "1-0"]
[PlyCount "89"]
[EventDate "2012.12.15"]

1. e4 c5 2. c3 Nc6 3. d4 cxd4 4. cxd4 d6 5. Nc3 Nf6 6. h3 g6 7. Nf3 Bg7 8. Be3
O-O 9. Bd3 Nb4 10. Bb1 Bd7 11. a3 Nc6 12. Bd3 a6 13. b4 b5 14. O-O Na7 15. Rc1
Nc6 16. Qd2 Ne8 17. Rfd1 Rc8 18. Be2 Nc7 19. d5 Ne5 20. Nxe5 Bxe5 21. f4 Bg7
22. Bf3 Ne8 23. Ne2 Rc7 24. Bb6 Qb8 25. Bxc7 Nxc7 26. Nd4 Qb6 27. Kh1 Bh6 28.
Bg4 Bxg4 29. hxg4 e5 30. g5 Bg7 31. fxe5 Bxe5 32. Nf3 Bg3 33. Qd4 Qb8 34. Rc6
Ne8 35. Qb6 Qa8 36. Rdc1 Ng7 37. Qxa6 Qe8 38. Qxb5 Qxe4 39. Qc4 Qe3 40. Qc3 Qa7
41. Rc7 Qb8 42. a4 Bf4 43. a5 Qb5 44. Qc4 Qa4 45. Qxf4 1-0

[Event "XV Festival B"]
[Site "Padova ITA"]
[Date "2012.12.16"]
[Round "2"]
[White "Lodici, Lorenzo"]
[Black "Desideri, Alessandro"]
[WhiteElo "1931"]
[BlackElo "1788"]
[Result "1-0"]
[PlyCount "67"]
[EventDate "2012.12.15"]

1. d4 f5 2. c4 e6 3. Nc3 Nf6 4. e3 d5 5. Bd3 c6 6. Nge2 Bd6 7. Qc2 Ne4 8. f3
Qh4+ 9. g3 Nxg3 10. Nxg3 Bxg3+ 11. Kd1 Bd6 12. Qg2 Qf6 13. Kc2 Na6 14. a3 dxc4
15. Bxc4 Nc7 16. e4 e5 17. f4 fxe4 18. dxe5 Bxe5 19. Nxe4 Bf5 20. Bd3 Qe6 21.
fxe5 O-O-O 22. Re1 Rxd3 23. Kxd3 Qxe5 24. Qf3 Rd8+ 25. Ke3 Qd4+ 26. Kf4 Re8 27.
Kg3 Bxe4 28. Qg4+ Kb8 29. Bf4 g5 30. Qxg5 Qxb2 31. Rxe4 Qc3+ 32. Kh4 Rc8 33.
Bxc7+ Kxc7 34. Qf4+ 1-0

[Event "XV Festival B"]
[Site "Padova ITA"]
[Date "2012.12.16"]
[Round "2"]
[White "Mancin, Michele"]
[Black "Vastano, Ciro"]
[WhiteElo "1750"]
[BlackElo "1633"]
[Result "1-0"]
[PlyCount "81"]
[EventDate "2012.12.15"]

1. Nf3 e6 2. d4 d5 3. Nc3 c6 4. g3 Nd7 5. Bg2 Ngf6 6. O-O Bd6 7. b3 Nf8 8. Bb2
Ng6 9. Nb1 Bd7 10. Nbd2 Qc7 11. c4 h5 12. c5 Be7 13. h4 Ng4 14. e4 Bxh4 15.
Nxh4 Nxh4 16. e5 Nxg2 17. Kxg2 Qd8 18. Nf3 Nh6 19. Rh1 Nf5 20. Bc1 g6 21. Bg5
Qa5 22. Bf6 Rf8 23. Nh4 Qc7 24. Nxf5 exf5 25. Qd2 Be6 26. Qh6 Kd7 27. Qd2 a5
28. Rhb1 Ra6 29. b4 axb4 30. Qxb4 Rb8 31. a4 b6 32. cxb6 Raxb6 33. Qe7+ Kc8 34.
Rxb6 Rxb6 35. Qe8+ Kb7 36. Bd8 Qc8 37. Qe7+ Ka6 38. Bxb6 Kxb6 39. Rb1+ Ka6 40.
a5 f4 41. Rb6+ 1-0

[Event "XV Festival B"]
[Site "Padova ITA"]
[Date "2012.12.16"]
[Round "2"]
[White "Negro, Raffaele"]
[Black "Simonetto, Adriano"]
[WhiteElo "1826"]
[BlackElo "2001"]
[Result "1/2-1/2"]
[PlyCount "46"]
[EventDate "2012.12.15"]

1. d4 d5 2. Bf4 Nf6 3. e3 c5 4. c3 Qb6 5. Qb3 c4 6. Qxb6 axb6 7. Nd2 Bf5 8.
Ngf3 h6 9. Be2 e6 10. h3 Nc6 11. Ne5 Nxe5 12. Bxe5 Nd7 13. Bg3 b5 14. O-O Be7
15. Rfe1 O-O 16. Bf3 Nf6 17. e4 dxe4 18. Nxe4 Nxe4 19. Bxe4 Bxe4 20. Rxe4 Rfd8
21. a3 Rd5 22. Rae1 Kf8 23. Kf1 Rad8 1/2-1/2

[Event "XV Festival B"]
[Site "Padova ITA"]
[Date "2012.12.16"]
[Round "2"]
[White "Pozzobon, Davide"]
[Black "Daccico, Gianni"]
[WhiteElo "1899"]
[BlackElo "1666"]
[Result "1-0"]
[PlyCount "67"]
[EventDate "2012.12.15"]

1. e4 e5 2. Nf3 Nc6 3. d4 exd4 4. Bc4 Nf6 5. O-O Nxe4 6. Re1 d5 7. Bxd5 Qxd5 8.
Nc3 Qa5 9. Nxe4 Be6 10. Bd2 Qh5 11. Bg5 h6 12. Bf6 Be7 13. Bxe7 Nxe7 14. Qxd4
O-O 15. Nc5 Rad8 16. Qe5 Qxe5 17. Rxe5 Rd5 18. Nxe6 fxe6 19. Rxe6 Nc6 20. c3
Rfd8 21. Rae1 Na5 22. Re7 Nc4 23. Rxc7 Nxb2 24. Rxb7 Nd3 25. Ree7 Nc1 26. Rxg7+
Kh8 27. Rh7+ Kg8 28. h4 Rd1+ 29. Kh2 Ne2 30. Rbg7+ Kf8 31. Rxa7 Kg8 32. Rxh6
Nxc3 33. Ng5 Ne2 34. Rg6+ 1-0

[Event "XV Festival B"]
[Site "Padova ITA"]
[Date "2012.12.16"]
[Round "2"]
[White "Renier, Renzo"]
[Black "Menini, Luca"]
[WhiteElo "2006"]
[BlackElo "1697"]
[Result "1-0"]
[PlyCount "61"]
[EventDate "2012.12.15"]

1. e4 Nf6 2. e5 Nd5 3. d4 d6 4. Nf3 Bg4 5. Be2 g6 6. O-O Bg7 7. h3 Bd7 8. exd6
cxd6 9. c4 Nc7 10. Nc3 O-O 11. Be3 Re8 12. d5 Nba6 13. Bd4 f6 14. Re1 e5 15.
dxe6 Bxe6 16. Qd2 b6 17. Rad1 Rc8 18. Be3 Bf8 19. Bf4 Nc5 20. Bxd6 Qxd6 21.
Qxd6 Bxd6 22. Rxd6 Nb7 23. Rdd1 Na6 24. b3 Nb4 25. Nd4 Bf7 26. Bf3 Rxe1+ 27.
Rxe1 Nc5 28. Ndb5 Nbd3 29. Re7 Ne5 30. Bd5 Bxd5 31. Nxd5 1-0